PROCESO DE CONVERTIRSE EN PERSONA (Registro nro. 30401)
[ vista simple ]
| 000 -LEADER | |
|---|---|
| fixed length control field | 00451nam a2200181 a 4500 |
| 001 - CONTROL NUMBER | |
| control field | 30401 |
| 005 - DATE AND TIME OF LATEST TRANSACTION | |
| control field | 20180713233614.0 |
| 008 - FIXED-LENGTH DATA ELEMENTS--GENERAL INFORMATION | |
| fixed length control field | 140415s2006 000 0 spa d |
| 020 ## - INTERNATIONAL STANDARD BOOK NUMBER | |
| International Standard Book Number | 9688530972 |
| 041 ## - LANGUAGE CODE | |
| Language code of text/sound track or separate title | spa |
| 082 ## - DEWEY DECIMAL CLASSIFICATION NUMBER | |
| Classification number | 150 |
| Item number | ROG |
| 100 1# - MAIN ENTRY--PERSONAL NAME | |
| Personal name | R. ROGERS, CARL |
| 245 10 - TITLE STATEMENT | |
| Title | PROCESO DE CONVERTIRSE EN PERSONA |
| 250 ## - EDITION STATEMENT | |
| Edition statement | 1ª EDICIÓN |
| 260 ## - PUBLICATION, DISTRIBUTION, ETC. | |
| Place of publication, distribution, etc. | [s.l.] : |
| Name of publisher, distributor, etc. | PAIDOS, |
| Date of publication, distribution, etc. | 2006 |
| 300 ## - PHYSICAL DESCRIPTION | |
| Extent | 356 |
| Dimensions | 16 x 4 x 23 |
| 520 ## - SUMMARY, ETC. | |
| Summary, etc. | RP |
| Withdrawn status | Lost status | Source of classification or shelving scheme | Damaged status | Not for loan | Collection code | Home library | Current library | Shelving location | Date acquired | Source of acquisition | Total Checkouts | Full call number | Barcode | Date last seen | Date last checked out | Price effective from | Koha item type |
|---|---|---|---|---|---|---|---|---|---|---|---|---|---|---|---|---|---|
| Dewey Decimal Classification | General | Tehuacán | Tehuacán | Sala general | 03/12/2013 | Compra | 150 ROG | 504899 | 08/01/2025 | 27/03/2017 | 03/12/2013 | Libro |